Quyết định giám đốc thẩm số 02/2011/HC-GĐT ngày 24 tháng 02 năm 2011 của Hội đồng thẩm phán tòa án nhân dân tối cao về vụ án hành chính về khiếu kiện quyết định hành chính trong lĩnh vực quản lý đất đai /

Shranjeno v:
Bibliografske podrobnosti
Korporativna značnica: Tạp chí Tòa án nhân dân
Format: Bài viết
Jezik:Vietnamese
Teme:
Oznake: Označite
Brez oznak, prvi označite!
Thư viện lưu trữ: Thư viện Trường Đại học Đà Lạt
LEADER 01002nam a2200265 4500
001 DLU130148268
005 ##20130605
040 # # |a DLU  |b vie 
041 # # |a vie 
044 # # |a vn 
245 # # |a Quyết định giám đốc thẩm số 02/2011/HC-GĐT ngày 24 tháng 02 năm 2011 của Hội đồng thẩm phán tòa án nhân dân tối cao về vụ án hành chính về khiếu kiện quyết định hành chính trong lĩnh vực quản lý đất đai /  |c Tạp chí Tòa án nhân dân. 
653 # # |a Luật đất đai 
653 # # |a Quyền sử dụng đất 
653 # # |a Tranh chấp 
710 # # |a Tạp chí Tòa án nhân dân 
773 # # |t Tạp chí Tòa án nhân dân   |g Số 4, 2012, tr. 45-48 
920 # # |a Phòng Tạp chí -- Trung tâm Thông tin - Thư viện Trường Đại học Đà Lạt 
994 # # |a DLU 
900 # # |a True 
911 # # |a Nguyễn Thị Linh Chi 
925 # # |a G 
926 # # |a A 
927 # # |a BB 
980 # # |a Thư viện Trường Đại học Đà Lạt